| 000 | 00742cam a2200277 a 4500 | ||
|---|---|---|---|
| 001 | 070 | ||
| 003 | DO-SdBNP | ||
| 005 | 20180131112013.0 | ||
| 007 | 070 | ||
| 008 | 841203s 1988 sp 000 f spa d | ||
| 020 | _a8435601323 (o. c.) | ||
| 020 | _a8435601331 | ||
| 040 |
_aBPMSU _cspa _dBPMSU |
||
| 100 | 1 |
_aStevenson, Robert Louis, _d1850-1894 |
|
| 245 | 1 | 3 |
_aLa isla del tesoro / _cRobert Louis Stevens |
| 260 |
_aBarcelona: _bRoma; _c[1988] |
||
| 300 |
_a114 p. ; _bil. _c19 cm. |
||
| 490 | 1 | _aBiblioteca juvenil Albor | |
| 650 | 4 | _aNOVELA INGLESA | |
| 650 | 4 | _aLITERATURA INGLESA | |
| 830 | 0 |
_aBiblioteca juvenil Albor _v1 |
|
| 910 | _a202 | ||
| 942 |
_2ddc _cBK |
||
| 945 | _aInventariado extranjero / 2017 VM | ||
| 956 | _aYngrid Lockward | ||
| 999 |
_c8485 _d8485 |
||